Matematická analýza 1 /

Salvato in:
Dettagli Bibliografici
Autori principali: Moravský, Ladislav (Autore), Satko, Ladislav, 1941- (Autore), Šulka, Róbert (Autore)
Natura: Libro
Lingua:slovacco
Pubblicazione: Bratislava : Alfa, 1986
Edizione:1.vyd.
Soggetti:
Tags: Aggiungi Tag
Nessun Tag, puoi essere il primo ad aggiungerne!!

MARC

LEADER 00000nam a22000003a 4500
001 stu43010
005 20150617225720.5
008 940615s1986----cs------------------slo-d
040 |a STU  |b slo 
041 0 |a slo 
044 |a cs 
080 |a 517(075.8) 
100 1 |a Moravský, Ladislav  |4 aut 
245 1 |a Matematická analýza 1 /  |c [aut.]Robert Šulka, Ladislav Moravský, Ladislav Satko 
250 |a 1.vyd. 
260 |a Bratislava :  |b Alfa,  |c 1986 
300 |a 389 s 
650 7 |a Analýza matematická  |2 stusub 
700 1 |a Satko, Ladislav,  |d 1941-  |4 aut  |u E170  |U FEI Fakulta elektrotechniky a informatiky  |T FEI Katedra matematiky  |X 2153  |U E170  |Y 64  |7 A000002153 
700 1 |a Šulka, Róbert  |4 aut 
996 |b 284M045857  |c M*623-1  |l MMKN  |s A  |a 24  |w stu43010_0001 
996 |b 284M043892  |c M*623/1-2  |l MMKN  |s A  |a 24  |w stu43010_0002 
996 |b 284M045856  |c M*623-3  |l MMKN  |s A  |a 24  |w stu43010_0003